Fr. Conceicao Rodrigues College of Engineering

Text Book Of Engineering Metrology (Record no. 29565)

MARC details
000 -LEADER
fixed length control field 00386nam a2200181Ia 4500
082 ## - DEWEY DECIMAL CLASSIFICATION NUMBER
Classification number 620.004
Item number GUP
100 ## - MAIN ENTRY--PERSONAL NAME
Personal name Gupta/I.C
250 ## - EDITION STATEMENT
Edition statement 7
245 ## - TITLE STATEMENT
Title Text Book Of Engineering Metrology
260 ## - PUBLICATION, DISTRIBUTION, ETC.
Name of publisher, distributor, etc. DHANPAT RAI AND SONS
Date of publication, distribution, etc. 2010
366 ## - TRADE AVAILABILITY INFORMATION
Publishers's discount category 10
300 ## - PHYSICAL DESCRIPTION
Extent 998
546 ## - LANGUAGE NOTE
Language note ENGLISH
-- Info.Tech
650 ## - SUBJECT ADDED ENTRY--TOPICAL TERM
Topical term or geographic name entry element Metrology
654 ## - SUBJECT ADDED ENTRY--FACETED TOPICAL TERMS
Focus term metrology
942 ## - ADDED ENTRY ELEMENTS (KOHA)
Koha item type BOOK
Holdings
Withdrawn status Lost status Damaged status Not for loan Collection Home library Current library Date acquired Source of acquisition Cost, normal purchase price Inventory number Total Checkouts Full call number Barcode Date last seen Date last checked out Cost, replacement price Price effective from Koha item type
        CRC Fr. Agnel's C.Rodrigues College of Engineering AGNEL TECHNICAL COLLEGE LIBRARY 17/03/2023 Professional Book House. 292.50 64 dt 15/09/2010 1 620.004 GUP 21121 11/09/2025 11/09/2025 325.00   BOOK
        CRC Fr. Agnel's C.Rodrigues College of Engineering Fr. Agnel's C.Rodrigues College of Engineering 17/03/2023 Professional Book House. 292.50 64 dt 15/09/2010   620.004 GUP 21122 17/03/2023   325.00   BOOK